000 00978nam a22003017a 4500
003 CHAP
005 20220329143921.0
008 120821s2011 mx a r 00010 spa d
010 _a103698
011 _a104670
020 _a9786074256987
035 _a115360
040 _cCHAP
090 _aFolleto 18294
245 0 0 _aEnraizamiento de veretas para la propagación de nochebuena de sol
_c/por Faustino García Pérez ...[et al.]
260 _aMéxico, D.F. :
_bINIFAP,
_c2011
300 _a21 p. :
_bilus.
590 _aBATCH-UPD
_b10
_c20130110
_lUCH01
_h1709
590 _aBATCH-UPD
_b10
_c20130410
_lUCH01
_h1043
590 _aBATCH-UPD
_b10
_c20130914
_lUCH01
_h1309
590 _aCONVERSION
_b10
_c20130109
_lUCH01
_h1357
650 1 4 _aEnraizamiento.
_937013
650 1 4 _aFlor de nochebuena
_xPropagación.
_941312
700 1 _aGarcía Pérez, Faustino.
_946449
901 _aBK
942 _cFOLL
949 _aFolleto 18294
_bBC
_cFOLL
_d33724002331991
_eTS1
_i115360
_st
999 _c103698
_d103698